LEADER 01696nam a2200349 a 4500 001 000000129140 003 CaOOAMICUS 005 20120601121402.0 008 120601s2012 it u000 u ita r 020 $a978-88-598-0044-6 040 $aPUL$bita 082 04$a345.45 245 02$aI delitti contro il patrimonio ; Le contravvenzioni ; Materiali :$bbibliografia - fonti - giurisprudenza. 246 33$aLe contravvenzioni 246 33$aMateriali 260 $aTorino :$bUTET Giuridica ;$aMilanofiori Assago :$bWolters Kluwer,$c©2012. 300 $aXXIV, 422 p. ;$c25 cm+$e1 Cd-Rom 490 1 $aTrattato di diritto penale. Parte speciale ;$v10-11 504 $aInclude riferimenti bibliografici ed indice. 650 4$aDiritto penale$zItalia.$0(OLS)http://pul/subject/10217 830 0$aTrattato di diritto penale (UTET Giuridica)$pParte speciale ;$v10-11.$0(OLS)http://pul/title/145814 850 $aPUL 852 $aPUL$W1$xSL Diritto e Scienze Sociali 3$y79$m345. 45 CADAL 3.2.10,11$j149520$qDDC 21$B148060$CPULBib$Z2$F148060 $H119675 $82 941 1 $a9 996 $6020$a978-88-598-0044-6$9(OLS)http://pul/number/149865 996 $6082$a345.45$9(OLS)http://pul/classification/371 996 $6246$aMateriali$9(OLS)http://pul/title/88651 996 $6245$aI delitti contro il patrimonio ; Le contravvenzioni ; Materiali :$bbibliografia - fonti - giurisprudenza$9(OLS)http://pul/title/163118 996 $6246$aLe contravvenzioni$9(OLS)http://pul/title/162114 996 $6260$aTorino :$bUTET Giuridica$9(OLS)http://pul/publisher/79191 996 $6260$aMilanofiori Assago :$bWolters Kluwer$9(OLS)http://pul/publisher/81463 LEADER 02087nam a2200385 u 4500 001 000000014210 003 CaOOAMICUS 005 20070226105734.0 008 940517s1961 fr u000 u fre u 035 $a10337710 040 $aPUL(R)$bita$dEFR 041 1 $afre$alat 100 0 $aAugustinus,$cs., vesc. d'Ippona,$d354-430.$0(OLS)http://pul/name/1290 240 10$aGruppi, scelte$9(Augustinus, s., vesc. d'Ippona, 354-430).$lFrançaise and Latin.$0(OLS)http://pul/title/20455 245 10$aSix traités anti-manichéens /$ctexte de l'édition bénédictine, traduction, introduction et notes par R. Jolivet et M. Jourjon. 246 32$aOeuvres de saint Augustin 260 $a[S.l.] :$bDesclée de Brouwer,$c1961. 300 $a828 p. ;$c18 cm 490 1 $aBibliothèque augustinienne., Oeuvres de Saint Augustin.$aDeuxième série, Dieu et son oeuvre ;$v17 505 0 $aDe duabus animabus -- Contra Fortunatum -- Contra Adimantum -- Contra Epistulam Fundamenti -- Contra Secundinum -- Contra Felicem Manichaeum. 700 1 $aJourjon, Maurice,$d1919-$0(OLS)http://pul/name/8926 700 1 $aJolivet, Régis,$d1891-1966.$0(OLS)http://pul/name/7905 830 0$aBibliothèque augustinienne.$pOeuvres de Saint Augustin.$nDeuxième série,$pDieu et son oeuvre ;$v17.$0(OLS)http://pul/title/20449 850 $aPUL 852 $aPUL$W1$xSL Religione 1$y3$m17 L 17$j19967$nBK-PRI$b $qStampati$B19967$CPULBib$Z2$F19967 $H $81 852 $aPUL$W1$xDP1 Fondo Ciprotti$y59$m1535 C 25$j19968$nBK-PRI$b $qFondi$B19968$CPULBib$Z2$F19968 $H $81 900 $aAgostino,$cs., vesc. d'Ippona,$d354-430$91290 900 $aAgostino, Aurelio,$cs., vesc. d'Ippona$d354-430$91290 941 1 $a8 941 1 $a1 961 $aINV: 33240 961 $aINV: 0838. Fondo Ciprotti 996 $6245$aSix traités anti-manichéens$9(OLS)http://pul/title/20456 996 $6246$aOeuvres de saint Augustin$9(OLS)http://pul/title/1880 996 $6260$a[S.l.] :$bDesclée de Brouwer$9(OLS)http://pul/publisher/51415